000 00520cam a2200193 4500
001 D6792
008 090401t1980 xxu||||| |||| 00| 0 eng d
035 _a(Sirsi) u3122
041 _aeng
050 _a693.2
100 _aLunt, M.G.
245 _aStabilised soil blocks for building
260 _aGarston, Watford
_bBuilding Research Establishment
_c1980
300 _a15p. ill. 30cm
350 _a0
490 _aMinistry of Overseas Development Overseas Building Note
_v184
942 _n0
948 _c04/03/1997
999 _c85849
_d85849